[Event "Hotel Bali Stars"]
[Site "Benidorm ESP"]
[Date "2003.11.28"]
[Round "7"]
[White "Topalov, Veselin"]
[Black "Polgar, Judit"]
[Result "1-0"]
[WhiteElo "2735"]
[BlackElo "2722"]
[EventDate "2003.11.27"]

1.Cf3 Cf6 2.c4 c5 3.g3 b6 4.Fg2 Fb7 5.O-O g6 6.d4 cxd4 7.Dxd4 Fg7 8.Cc3 d6
9.Td1 Cbd7 10.Fe3 a6 11.Tac1 Tb8 12.b3 O-O 13.Dh4 b5 14.cxb5 axb5 15.Cd4 
b4 16.Fxb7 Txb7 17.Cc6 De8 18.Cxb4 Da8 19.Cc6 Cb8 20.Cxb8 Tfxb8 21.Da4 h5 
22.f3 Cd7 23.Dxa8 Txa8 24.Ca4 Ff8 25.Tc2 e6 26.Tdc1 Tbb8 27.Tc7 Cf6 28.Fa7
Tb4 29.Ff2 Cd5 30.Tc8 Tbb8 31.Txb8 Txb8 32.Rf1 f5 33.Tc4 Fh6 34.Cc3 Ce3+ 
35.Fxe3 Fxe3 36.Tc6 Fc5 37.Ca4 Fa3 38.Cb6 Rf7 39.Tc7+ Rg8 40.Cd7 Tb5 41.h4
Rf7 42.Ta7 Fc1 43.a4 Tb4 44.Ce5+ Rf6 45.Cd3 Txb3 46.Cxc1 Tb1 47.Tc7 Ta1 
48.Tc4 d5 49.Tc6 Re7 50.f4 Rd7 51.Tc2 1-0

[Event "Hotel Bali Stars"]
[Site "Benidorm ESP"]
[Date "2003.11.28"]
[Round "8"]
[White "Topalov, Veselin"]
[Black "Anand, Viswanathan"]
[Result "1/2-1/2"]
[WhiteElo "2735"]
[BlackElo "2766"]
[EventDate "2003.11.27"]

1.d4 d5 2.c4 c6 3.Cf3 Cf6 4.Cc3 dxc4 5.a4 Ff5 6.Ce5 Cbd7 7.Cxc4 Cb6 8.Ce5 
a5 9.f3 Cfd7 10.e4 Cxe5 11.dxe5 Dxd1+ 12.Rxd1 Fe6 13.Rc2 1/2-1/2

[Event "Hotel Bali Stars"]
[Site "Benidorm ESP"]
[Date "2003.11.29"]
[Round "9"]
[White "Radjabov, Teimour"]
[Black "Topalov, Veselin"]
[Result "1/2-1/2"]
[WhiteElo "2650"]
[BlackElo "2735"]
[EventDate "2003.11.27"]

1.d4 e6 2.e4 d5 3.Cc3 Fb4 4.Ce2 dxe4 5.a3 Fe7 6.Cxe4 Cf6 7.C2g3 Cbd7 8.Fd3
b6 9.Df3 Tb8 10.O-O O-O 11.Ff4 Fb7 12.De2 Cxe4 13.Fxe4 Fxe4 14.Cxe4 Cf6 
15.Cxf6+ Fxf6 16.Tad1 Dd7 17.c3 1/2-1/2

[Event "Hotel Bali Stars"]
[Site "Benidorm ESP"]
[Date "2003.11.29"]
[Round "11"]
[White "Azmaiparashvili, Zurab"]
[Black "Topalov, Veselin"]
[Result "1/2-1/2"]
[WhiteElo "2693"]
[BlackElo "2735"]
[EventDate "2003.11.27"]

1.d4 d5 2.c4 c6 3.Cc3 Cf6 4.cxd5 cxd5 5.Ff4 Cc6 6.e3 Ff5 7.Cf3 e6 8.Fd3 
Fxd3 9.Dxd3 Fe7 10.Db5 Dd7 11.O-O O-O 12.Tfc1 a6 1/2-1/2

[Event "GMA"]
[Site "Wijk aan Zee NED"]
[Date "2004.01.10"]
[Round "1"]
[White "Topalov, Veselin"]
[Black "Adams, Michael"]
[Result "1/2-1/2"]
[WhiteElo "2735"]
[BlackElo "2720"]
[EventDate "2004.01.10"]

1.e4 e5 2.Cf3 Cc6 3.Fb5 a6 4.Fa4 Cf6 5.O-O Fe7 6.Te1 b5 7.Fb3 O-O 8.a4 Fb7
9.d3 d6 10.Cbd2 Dd7 11.c3 Tfe8 12.Cf1 h6 13.Cg3 Ca5 14.Fc2 c5 15.d4 Ff8 
16.d5 c4 17.Fe3 Dc7 18.Cd2 Fc8 19.h3 Fd7 20.Df3 Fe7 21.Ta2 Teb8 22.axb5 
axb5 23.Tea1 Dd8 24.Cf5 Fxf5 25.exf5 Cb7 26.Fa7 Tc8 27.Ce4 Cxe4 28.Fxe4 
Cc5 29.Fxc5 Txa2 30.Txa2 Txc5 31.Dd1 Tc8 32.Da1 h5 33.Ff3 h4 34.Ta7 Tc7 
35.Fh5 Txa7 36.Dxa7 De8 37.Dc7 Ff8 38.Rf1 De7 39.Dxe7 1/2-1/2

[Event "GMA"]
[Site "Wijk aan Zee NED"]
[Date "2004.01.11"]
[Round "2"]
[White "Topalov, Veselin"]
[Black "Sokolov, Ivan"]
[Result "1/2-1/2"]
[WhiteElo "2735"]
[BlackElo "2706"]
[EventDate "2004.01.10"]

1.d4 d5 2.c4 c6 3.Cf3 Cf6 4.Cc3 a6 5.c5 Fg4 6.Ce5 Fh5 7.Db3 Ta7 8.e4 e6 9.
exd5 exd5 10.Fd3 Cbd7 11.Ff4 Cxe5 12.Fxe5 Fe7 13.O-O O-O 14.Tfe1 Fg6 15.
Fxg6 hxg6 16.Te2 Cg4 17.Db6 Da8 18.Fc7 Ff6 19.Fd6 Td8 20.Ca4 Ch6 21.Da5 
Dc8 22.h3 Df5 23.Tae1 Dd3 24.Te8+ Txe8 25.Txe8+ Rh7 26.Fe5 Fxe5 27.dxe5 
Db1+ 28.Rh2 De4 29.g3 Dc2 30.Rg2 Cf5 31.Dd8 Ce3+ 32.Rg1 Dd1+ 33.Rh2 Cf1+ 
34.Rg2 Ce3+ 35.fxe3 De2+ 1/2-1/2

[Event "GMA"]
[Site "Wijk aan Zee NED"]
[Date "2004.01.13"]
[Round "3"]
[White "Leko, Peter"]
[Black "Topalov, Veselin"]
[Result "1/2-1/2"]
[WhiteElo "2722"]
[BlackElo "2735"]
[EventDate "2004.01.10"]

1.e4 c5 2.Cf3 d6 3.d4 cxd4 4.Cxd4 Cf6 5.Cc3 a6 6.Fe3 e5 7.Cb3 Fe6 8.Fe2 
Fe7 9.O-O O-O 10.Dd2 Cbd7 11.a4 Tc8 12.a5 Cc5 13.Cxc5 dxc5 14.Dxd8 Tfxd8 
15.f3 c4 16.Rf2 Rf8 17.Ca4 Cd7 18.Tfd1 Tc6 19.Cc3 Cf6 20.Txd8+ Fxd8 21.Ta4
Ce8 22.Cd5 Cd6 23.Fd2 Re8 24.Fb4 Cb5 25.Fd2 Cd6 26.Fc3 f6 27.Fb4 Cb5 28.
Fd2 Cd6 29.Fb4 Cb5 30.Fd2 1/2-1/2

[Event "GMA"]
[Site "Wijk aan Zee NED"]
[Date "2004.01.14"]
[Round "4"]
[White "Topalov, Veselin"]
[Black "Akopian, Vladimir"]
[Result "1-0"]
[WhiteElo "2735"]
[BlackElo "2693"]
[EventDate "2004.01.10"]

1.e4 c6 2.d4 d5 3.Cc3 dxe4 4.Cxe4 Ff5 5.Cg3 Fg6 6.h4 h6 7.Cf3 Cd7 8.h5 Fh7
9.Fd3 Fxd3 10.Dxd3 e6 11.Ff4 Cgf6 12.O-O-O Fe7 13.Rb1 O-O 14.Ce4 Cxe4 15.
Dxe4 Cf6 16.De2 Dd5 17.Ce5 De4 18.Dxe4 Cxe4 19.The1 Cf6 20.g4 Tfd8 21.f3 
Tac8 22.c3 c5 23.dxc5 Fxc5 24.Txd8+ Txd8 25.c4 Rf8 26.Rc2 Re8 27.Cd3 Fd4 
28.b3 Tc8 29.a4 a6 30.a5 Cd7 31.Te4 Fa1 32.Fd6 Cf6 33.Te1 Fd4 34.Fb4 Cd5 
35.Fd2 Cf6 36.Fc3 Fxc3 37.Rxc3 Re7 38.b4 Cd7 39.Te2 Tf8 40.b5 g5 41.Tb2 
Rd6 42.bxa6 bxa6 43.Tb7 Ta8 44.Cb4 f5 45.gxf5 exf5 46.Rd4 g4 47.fxg4 fxg4 
48.c5+ Re6 49.c6 Cf6 50.c7 Tc8 51.Cxa6 g3 52.Tb3 Cxh5 53.Rc5 g2 54.Tb1 Cf4
55.Rc6 h5 56.Rb7 Tg8 57.Cc5+ Rd5 58.Cd7 Re6 59.c8=D 1-0

[Event "GMA"]
[Site "Wijk aan Zee NED"]
[Date "2004.01.15"]
[Round "5"]
[White "Van Wely, Loek"]
[Black "Topalov, Veselin"]
[Result "1/2-1/2"]
[WhiteElo "2617"]
[BlackElo "2735"]
[EventDate "2004.01.10"]

1.d4 Cf6 2.c4 e6 3.Cc3 Fb4 4.Dc2 d5 5.cxd5 exd5 6.Fg5 c5 7.a3 Fxc3+ 8.Dxc3
cxd4 9.Dxd4 Cc6 10.Df4 d4 11.Fxf6 gxf6 12.Cf3 Da5+ 13.Dd2 Dxd2+ 14.Rxd2 
Ff5 15.b4 O-O-O 16.Tc1 Rb8 17.g3 a5 18.Fg2 Fe4 19.Ch4 Fxg2 20.Cxg2 axb4 
21.axb4 Cxb4 22.Tc4 Cc6 23.Tb1 Ce5 24.Tcb4 Td7 25.Cf4 Tc8 26.Ta4 Cc4+ 
1/2-1/2

[Event "GMA"]
[Site "Wijk aan Zee NED"]
[Date "2004.01.17"]
[Round "6"]
[White "Topalov, Veselin"]
[Black "Bologan, Viktor"]
[Result "1-0"]
[WhiteElo "2735"]
[BlackElo "2679"]
[EventDate "2004.01.10"]

1.e4 e5 2.Cf3 Cc6 3.Fb5 a6 4.Fa4 Cf6 5.O-O Fe7 6.Te1 b5 7.Fb3 O-O 8.a4 Fb7
9.d3 d6 10.Fd2 Cd7 11.Cc3 Cd4 12.Cxd4 exd4 13.Ce2 Ff6 14.Cg3 g6 15.Fh6 Te8
16.f4 Cc5 17.Df3 Cxb3 18.cxb3 Dd7 19.Tf1 c5 20.Tf2 Fh8 21.f5 d5 22.Dg4 Fc6
23.Taf1 dxe4 24.Cxe4 c4 25.Cc5 Dc8 26.fxg6 hxg6 27.Dg3 Fd5 28.b4 Dc6 29.
Fg5 cxd3 30.Ff6 d2 31.Fxh8 Rxh8 32.Txd2 Fc4 33.Tc1 Df6 34.Df2 Dxf2+ 35.
Rxf2 Te3 36.a5 Tae8 37.Tcd1 Te2+ 38.Rg1 Fd5 39.Cxa6 Fxg2 40.Cc7 T8e5 41.
Txe2 Txe2 42.Cxb5 Txb2 43.Txd4 Rg7 44.a6 Ff3 45.Cc3 Tg2+ 46.Rf1 Txh2 47.b5
Tb2 48.a7 Fb7 49.Td7 Fa8 50.Td8 Fb7 51.Tb8 Ff3 52.b6 1-0

[Event "GMA"]
[Site "Wijk aan Zee NED"]
[Date "2004.01.18"]
[Round "7"]
[White "Svidler, Peter"]
[Black "Topalov, Veselin"]
[Result "1-0"]
[WhiteElo "2747"]
[BlackElo "2735"]
[EventDate "2004.01.10"]

1.e4 c5 2.Cf3 d6 3.d4 cxd4 4.Cxd4 Cf6 5.Cc3 a6 6.f3 e5 7.Cb3 Fe6 8.Fe3 
Cbd7 9.g4 Cb6 10.g5 Ch5 11.Dd2 Fe7 12.O-O-O O-O 13.Tg1 Tc8 14.Df2 Txc3 15.
Fxb6 Fxg5+ 16.Rb1 Fh4 17.Tg3 Fxg3 18.hxg3 Tc7 19.Cc5 De7 20.Cxe6 fxe6 21.
Fxc7 Dxc7 22.Fh3 Te8 23.Td3 Cf6 24.Da7 Rf7 25.Tc3 Dd7 26.Db6 Te7 27.Td3 d5
28.exd5 Cxd5 29.Dc5 Db5 30.Dd6 Cb4 31.Td2 Dc4 32.b3 Dc3 33.f4 Dxg3 34.Dxb4
Dxh3 35.fxe5 De3 36.Dd6 h5 37.Td1 Df2 38.Dd3 Dg2 39.Tf1+ Rg8 40.Dd8+ Rh7 
41.Tf8 Dg1+ 42.Rb2 Dg5 43.Dd3+ g6 44.Dd6 Rg7 45.Db8 Dh6 46.Dd8 1-0

[Event "GMA"]
[Site "Wijk aan Zee NED"]
[Date "2004.01.19"]
[Round "8"]
[White "Topalov, Veselin"]
[Black "Shirov, Alexei"]
[Result "1/2-1/2"]
[WhiteElo "2735"]
[BlackElo "2736"]
[EventDate "2004.01.10"]

1.e4 e5 2.Cf3 Cf6 3.Cxe5 d6 4.Cf3 Cxe4 5.d4 d5 6.Fd3 Fd6 7.O-O O-O 8.c4 c6
9.cxd5 cxd5 10.Cc3 Cxc3 11.bxc3 Fg4 12.Tb1 Cd7 13.h3 Fh5 14.Tb5 Cb6 15.c4 
Fxf3 16.Dxf3 dxc4 17.Fc2 Dd7 18.a4 g6 19.Fe3 Tac8 20.Tfb1 c3 21.a5 Cc4 22.
Txb7 De6 23.Ta1 Tc7 24.a6 Cxe3 25.fxe3 Rg7 26.e4 f6 27.Dxc3 Tff7 28.Db3 
1/2-1/2

[Event "GMA"]
[Site "Wijk aan Zee NED"]
[Date "2004.01.20"]
[Round "9"]
[White "Zhang Zhong"]
[Black "Topalov, Veselin"]
[Result "1/2-1/2"]
[WhiteElo "2639"]
[BlackElo "2735"]
[EventDate "2004.01.10"]

1.e4 c5 2.Cf3 Cc6 3.Fb5 d6 4.O-O Fd7 5.Te1 Cf6 6.c3 a6 7.Ff1 Fg4 8.d3 e6 
9.Cbd2 Cd7 10.h3 Fh5 11.g4 Fg6 12.d4 cxd4 13.cxd4 Fe7 14.d5 Cce5 15.Cxe5 
dxe5 16.Cf3 Tc8 17.b3 exd5 18.Dxd5 f6 19.Ch4 Cc5 20.Dxd8+ Txd8 21.Cf5 Fxf5
22.exf5 Cd3 23.Fxd3 Txd3 24.Fe3 Fa3 25.Tad1 Txd1 26.Txd1 Re7 27.f4 exf4 
28.Fxf4 Tc8 29.Td2 Tc6 1/2-1/2

[Event "GMA"]
[Site "Wijk aan Zee NED"]
[Date "2004.01.22"]
[Round "10"]
[White "Topalov, Veselin"]
[Black "Bareev, Evgeny"]
[Result "0-1"]
[WhiteElo "2735"]
[BlackElo "2714"]
[EventDate "2004.01.10"]

1.e4 e6 2.d4 d5 3.Cc3 Fb4 4.e5 Ce7 5.a3 Fxc3+ 6.bxc3 c5 7.a4 Dc7 8.Cf3 h6 
9.Fd3 b6 10.a5 bxa5 11.O-O c4 12.Fe2 O-O 13.Te1 Cbc6 14.Ff1 f6 15.Fa3 fxe5
16.Fxe7 Dxe7 17.Cxe5 Cxe5 18.Txe5 Dc7 19.g3 Fd7 20.Fh3 Tf6 21.Dc1 a4 22.
Da3 Tb8 23.f4 Tb6 24.Rf2 Db8 25.Tae1 Df8 26.Dxf8+ Rxf8 27.Re3 g5 28.Fg4 
gxf4+ 29.gxf4 Tb2 30.f5 exf5 31.Ff3 Txc2 32.Rf4 Txc3 33.Fh5 Th3 34.Txd5 
Th4+ 35.Rg3 Txh5 36.Txd7 f4+ 37.Rg4 Tg5+ 38.Rf3 Tf7 39.Td8+ Rg7 40.Tc8 Tb5
41.Txc4 Tb3+ 42.Rf2 a3 43.Ta4 f3 44.Ta1 Tb2+ 45.Rg1 Tg2+ 46.Rh1 a2 47.Tg1 
Rf8 48.Txg2 f2 49.Tg1 f1=D 0-1

[Event "GMA"]
[Site "Wijk aan Zee NED"]
[Date "2004.01.23"]
[Round "11"]
[White "Kramnik, Vladimir"]
[Black "Topalov, Veselin"]
[Result "1/2-1/2"]
[WhiteElo "2777"]
[BlackElo "2735"]
[EventDate "2004.01.10"]

1.e4 c5 2.Cf3 d6 3.d4 cxd4 4.Cxd4 Cf6 5.Cc3 a6 6.Fe2 e5 7.Cb3 Fe7 8.O-O 
O-O 9.Rh1 Cc6 10.f4 b5 11.Ff3 Ca5 12.Cxa5 Dxa5 13.Cd5 Cxd5 14.exd5 exf4 
15.Fxf4 Ff5 16.Fg4 Fxg4 17.Dxg4 Dd8 18.c3 Ff6 19.a4 Dc7 20.Fg3 Fe5 21.Fxe5
dxe5 22.De2 Tab8 23.axb5 1/2-1/2

[Event "GMA"]
[Site "Wijk aan Zee NED"]
[Date "2004.01.24"]
[Round "12"]
[White "Topalov, Veselin"]
[Black "Anand, Viswanathan"]
[Result "1-0"]
[WhiteElo "2735"]
[BlackElo "2766"]
[EventDate "2004.01.10"]

1.e4 c5 2.Cf3 d6 3.d4 cxd4 4.Cxd4 Cf6 5.Cc3 a6 6.f3 e6 7.Fe3 b5 8.g4 Cfd7 
9.Dd2 Cb6 10.a4 bxa4 11.Cxa4 Cxa4 12.Txa4 Fe7 13.g5 O-O 14.h4 Fd7 15.Ta1 
Cc6 16.Txa6 Dc7 17.Rf2 Cxd4 18.Fxd4 e5 19.Fe3 Txa6 20.Fxa6 f5 21.gxf6 Fxf6
22.Dd5+ Rh8 23.Fc4 Fe8 24.Fe2 Ff7 25.Dd2 Fh5 26.b3 De7 27.Rg2 Df7 28.Th3 
Fe7 29.b4 h6 30.b5 Dg6+ 31.Rh2 De6 32.Dd3 Fe8 33.Db3 Dc8 34.b6 Ff7 35.Db1 
Dc3 36.Fd3 Tb8 37.Dg1 Fc4 38.Dg6 Fxd3 39.Tg3 Ff6 40.cxd3 Txb6 41.Fxb6 Db2+
42.Tg2 Dxb6 43.Tc2 Fd8 44.h5 1-0

[Event "GMA"]
[Site "Wijk aan Zee NED"]
[Date "2004.01.25"]
[Round "13"]
[White "Timman, Jan H"]
[Black "Topalov, Veselin"]
[Result "0-1"]
[WhiteElo "2578"]
[BlackElo "2735"]
[EventDate "2004.01.10"]

1.Cf3 c5 2.c4 g6 3.e4 Fg7 4.d4 d6 5.d5 e6 6.Cc3 exd5 7.exd5 Fg4 8.Fe2 Ce7 
9.O-O O-O 10.Db3 b6 11.Cg5 Fxe2 12.Cxe2 Cd7 13.Dh3 Cf6 14.Fd2 h6 15.Cf3 g5
16.Ce1 Ce4 17.Fc1 f5 18.Dd3 Dd7 19.Tb1 Tae8 20.b3 Cg6 21.Fb2 Fxb2 22.Txb2 
Dg7 23.Tc2 f4 24.Cc3 Cxc3 25.Dxc3 Dxc3 26.Txc3 Te2 27.a3 Tfe8 28.Cd3 Td2 
29.Te1 Txe1+ 30.Cxe1 Ce5 31.h3 Rg7 32.Rf1 Rf6 33.g4 fxg3 34.Txg3 Rf5 35.
Te3 h5 36.a4 Tb2 37.Cg2 h4 38.Tc3 Re4 39.Te3+ Rf5 40.Tc3 Tb1+ 41.Re2 Th1 
42.Te3 a5 43.Tc3 Cg6 44.Tf3+ Cf4+ 45.Cxf4 gxf4 46.Tc3 Re4 47.Rd2 Tb1 48.
f3+ Rf5 49.Tc1 Txb3 50.Te1 Txf3 51.Te6 Txh3 52.Txd6 Te3 53.Txb6 Te4 54.Rc3
f3 55.Tb8 h3 56.Tf8+ Rg4 57.Rd3 Te1 0-1

[Event "TV Blitz"]
[Site "Sofia BUL"]
[Date "2004.01.01"]
[Round "1"]
[White "Topalov, Veselin"]
[Black "Anand, Viswanathan"]
[Result "0-1"]
[WhiteElo "2735"]
[BlackElo "2766"]
[EventDate "2004.01.01"]

1.e4 c5 2.Cf3 e6 3.d4 cxd4 4.Cxd4 Cc6 5.Cc3 Dc7 6.Fe3 a6 7.Dd2 Cf6 8.O-O-O
Fb4 9.f3 Ca5 10.Cb3 d5 11.Rb1 Cxb3 12.axb3 dxe4 13.Cb5 De7 14.Cc7+ Dxc7 
15.Dxb4 Cd5 16.Dxe4 Cxe3 17.Dxe3 Fd7 18.Dd4 e5 19.Db4 O-O-O 20.Fd3 Fe6 21.
The1 f6 22.Fc4 Ff5 23.g4 Fg6 24.h4 h5 25.Fe6+ Rb8 26.Ff5 Ff7 27.Fe4 hxg4 
28.fxg4 Fe6 29.Ff3 a5 30.De4 Txd1+ 31.Txd1 Txh4 32.Td8+ Fc8 33.Td3 Th8 34.
b4 a4 35.De3 Td8 36.Tc3 Dd6 37.De4 Db6 38.Tc4 Fe6 39.Tc5 Td4 40.De3 Txb4 
41.Dc3 Tb5 42.Txb5 Dg1+ 0-1

[Event "TV Blitz"]
[Site "Sofia BUL"]
[Date "2004.01.01"]
[Round "2"]
[White "Anand, Viswanathan"]
[Black "Topalov, Veselin"]
[Result "1/2-1/2"]
[WhiteElo "2766"]
[BlackElo "2735"]
[EventDate "2004.01.01"]

1.e4 c5 2.Cf3 Cc6 3.d4 cxd4 4.Cxd4 Cf6 5.Cc3 e5 6.Cdb5 d6 7.Fg5 a6 8.Ca3 
b5 9.Fxf6 gxf6 10.Cd5 Fg7 11.c3 f5 12.exf5 Fxf5 13.Cc2 O-O 14.Cce3 Fe6 15.
Fd3 f5 16.O-O Rh8 17.Dh5 e4 18.Fc2 Ce7 19.Tad1 Tc8 20.f3 Ff7 21.Dh3 Cxd5 
22.Cxd5 b4 23.fxe4 bxc3 24.bxc3 Fxd5 25.exd5 Txc3 26.Fd3 Fd4+ 27.Rh1 Dg5 
28.Txf5 Txf5 29.Dxf5 Dxf5 30.Fxf5 Fe3 31.g3 Tc1 1/2-1/2

[Event "XXI SuperGM"]
[Site "Linares ESP"]
[Date "2004.02.20"]
[Round "2"]
[White "Topalov, Veselin"]
[Black "Vallejo Pons, Francisco"]
[Result "1/2-1/2"]
[WhiteElo "2735"]
[BlackElo "2663"]
[EventDate "2004.02.19"]

1.d4 d5 2.c4 c6 3.Cf3 Cf6 4.Cc3 e6 5.Fg5 h6 6.Fxf6 Dxf6 7.e3 Cd7 8.Dc2 Dd8
9.Fd3 Fe7 10.O-O O-O 11.a3 b6 12.Tac1 Fb7 13.Tfd1 Fd6 14.De2 De7 15.cxd5 
exd5 16.Fa6 Cf6 17.Tc2 Tab8 18.Fxb7 Dxb7 19.g3 Tfe8 20.Dd3 Ted8 21.Rg2 Ff8
22.Df5 c5 23.h4 Td6 24.Ce5 Te6 25.Ce2 Fd6 26.Cd3 g6 27.Df3 c4 28.Cdf4 Fxf4
29.Cxf4 Td6 30.b3 b5 31.Tb1 Dc8 32.Cd3 Tbb6 33.Cc5 De8 34.Df4 h5 35.f3 
1/2-1/2

[Event "XXI SuperGM"]
[Site "Linares ESP"]
[Date "2004.02.21"]
[Round "3"]
[White "Shirov, Alexei"]
[Black "Topalov, Veselin"]
[Result "1/2-1/2"]
[WhiteElo "2736"]
[BlackElo "2735"]
[EventDate "2004.02.19"]

1.d4 Cf6 2.c4 e6 3.Cf3 d5 4.g3 Fb4+ 5.Fd2 Fe7 6.Fg2 O-O 7.O-O c6 8.Db3 b6 
9.Cc3 Fa6 10.cxd5 cxd5 11.Ce5 Fb7 12.Tac1 Cc6 13.Cb5 Cxe5 14.dxe5 Cd7 15.
De3 Cc5 16.Fb4 a5 17.Fa3 Dd7 18.Cd4 Tac8 19.f4 b5 20.Fxc5 Txc5 21.f5 Txc1 
22.Dxc1 exf5 23.Cxf5 g6 24.Cd4 Dd8 25.h4 b4 26.Df4 f6 27.Fh3 fxe5 28.Dxe5 
Ff6 29.De6+ Rh8 30.e3 Fg7 31.Txf8+ Dxf8 32.Dd7 Fh6 33.Ce6 Dc8 34.De7 d4 
35.e4 Fxe4 36.Cc5 Dxh3 37.De8+ Rg7 38.De7+ Rg8 39.De8+ Ff8 40.Cxe4 Df5 41.
b3 d3 42.Dc6 Rh8 43.Rg2 h6 44.Dc4 Dd7 45.Cf6 Dg7 46.Ce4 Db2+ 47.Rf3 De2+ 
48.Rf4 Fg7 49.Dc8+ Rh7 50.Dd7 Df1+ 51.Re3 De2+ 52.Rf4 Df1+ 53.Re3 De2+ 
1/2-1/2

[Event "XXI SuperGM"]
[Site "Linares ESP"]
[Date "2004.02.22"]
[Round "4"]
[White "Topalov, Veselin"]
[Black "Radjabov, Teimour"]
[Result "1/2-1/2"]
[WhiteElo "2735"]
[BlackElo "2656"]
[EventDate "2004.02.19"]

1.e4 c5 2.Cf3 Cc6 3.d4 cxd4 4.Cxd4 Cf6 5.Cc3 e5 6.Cdb5 d6 7.Fg5 a6 8.Ca3 
b5 9.Fxf6 gxf6 10.Cd5 Fg7 11.Fd3 Ce7 12.Cxe7 Dxe7 13.c4 f5 14.O-O O-O 15.
Df3 d5 16.cxd5 fxe4 17.Fxe4 Tb8 18.Tfd1 Dh4 19.g3 Dg5 20.Db3 Fg4 21.Ff3 f5
22.Fxg4 Dxg4 23.d6+ Rh8 24.Dd5 f4 25.Cc2 Dg6 26.Cb4 Dg4 27.Cc6 f3 28.Cxe5 
Dh5 29.Cxf3 Dxf3 30.Dxf3 Txf3 31.d7 Td8 32.Td2 Rg8 33.Rg2 Tf5 34.Tc1 Rf7 
35.f4 b4 36.Tc4 Tb5 37.Rf3 b3 38.Ta4 bxa2 39.Txa6 Txb2 1/2-1/2

[Event "XXI SuperGM"]
[Site "Linares ESP"]
[Date "2004.02.23"]
[Round "5"]
[White "Leko, Peter"]
[Black "Topalov, Veselin"]
[Result "1/2-1/2"]
[WhiteElo "2722"]
[BlackElo "2735"]
[EventDate "2004.02.19"]

1.e4 c5 2.Cf3 d6 3.d4 cxd4 4.Cxd4 Cf6 5.Cc3 a6 6.Fe3 e5 7.Cb3 Fe6 8.f3 
Cbd7 9.g4 Cb6 10.g5 Ch5 11.Dd2 Fe7 12.O-O-O O-O 13.Tg1 Tc8 14.Rb1 Dc7 15.
Df2 Fd8 16.h4 g6 17.Dd2 Fe7 18.Dh2 Cc4 19.Fxc4 Fxc4 20.Ca4 b5 21.Cb6 Tb8 
22.Cd5 Fxd5 23.Txd5 f6 24.De2 fxg5 25.hxg5 Tf7 26.Cd2 Cf4 27.Fxf4 Txf4 28.
Tg3 Th4 29.Dg2 Th5 30.f4 exf4 31.Tc3 Dd7 32.a3 Tc8 33.Tcd3 De6 34.Cf3 Dxe4
35.T5d4 Df5 36.Td1 Ff8 37.Dd2 Tc4 38.Te1 Th3 39.Txc4 bxc4 40.Cd4 Dd5 41.
Dxf4 Th1 42.Txh1 Dxh1+ 43.Ra2 Dd5 44.c3 Fe7 45.Cf3 De6 46.Dd4 d5 47.Da7 
Dd6 48.Db7 a5 49.Db5 Fd8 50.Db7 Fe7 1/2-1/2

[Event "XXI SuperGM"]
[Site "Linares ESP"]
[Date "2004.02.25"]
[Round "6"]
[White "Topalov, Veselin"]
[Black "Kasparov, Garry"]
[Result "1/2-1/2"]
[WhiteElo "2735"]
[BlackElo "2831"]
[EventDate "2004.02.19"]

1.d4 d5 2.c4 c6 3.Cf3 Cf6 4.Cc3 a6 5.c5 Cbd7 6.Ff4 Ch5 7.Fg5 h6 8.Fd2 Chf6
9.Dc2 Dc7 10.e4 dxe4 11.Cxe4 Cxe4 12.Dxe4 Cf6 13.Dc2 Fe6 14.Fd3 Cd7 15.O-O
Fd5 16.Tfe1 e6 17.Ce5 Cxe5 18.dxe5 Fe7 19.Tac1 O-O 20.Da4 f5 21.exf6 Fxf6 
22.Dg4 Fe5 23.h3 Fh2+ 24.Rf1 Dg3 25.Dxg3 Fxg3 26.Te2 Fxa2 27.Fc4 Fxc4 28.
Txc4 Tad8 29.Fe1 Tf6 30.Tce4 Td5 31.Txe6 Txe6 32.Txe6 Fe5 33.Te7 Txc5 34.
Txb7 Tc1 35.Tb6 a5 36.Re2 1/2-1/2

[Event "XXI SuperGM"]
[Site "Linares ESP"]
[Date "2004.02.26"]
[Round "7"]
[White "Kramnik, Vladimir"]
[Black "Topalov, Veselin"]
[Result "1-0"]
[WhiteElo "2777"]
[BlackElo "2735"]
[EventDate "2004.02.19"]

1.e4 c5 2.Cf3 d6 3.d4 cxd4 4.Cxd4 Cf6 5.Cc3 a6 6.Fe3 e5 7.Cb3 Fe6 8.f3 
Cbd7 9.Dd2 b5 10.O-O-O h5 11.Cd5 Fxd5 12.exd5 g6 13.Rb1 Cb6 14.Dc3 Fe7 15.
Dc6+ Cbd7 16.Fb6 Dxb6 17.Dxa8+ Cb8 18.Ca5 Cd7 19.Cc6 Fg5 20.Da7 Cxc6 21.
Dxb6 Cxb6 22.dxc6 Re7 23.Td3 Tc8 24.Ta3 Ca4 25.c4 Txc6 26.Fe2 Tb6 27.cxb5 
axb5 28.Fxb5 Txb5 29.Txa4 f5 30.Td1 Fe3 31.a3 d5 32.b4 d4 33.Ta5 Txa5 34.
bxa5 Rd6 35.Rc2 e4 36.fxe4 fxe4 37.Te1 1-0

[Event "XXI SuperGM"]
[Site "Linares ESP"]
[Date "2004.02.28"]
[Round "9"]
[White "Vallejo Pons, Francisco"]
[Black "Topalov, Veselin"]
[Result "1/2-1/2"]
[WhiteElo "2663"]
[BlackElo "2735"]
[EventDate "2004.02.19"]

1.e4 c5 2.Cf3 Cc6 3.d4 cxd4 4.Cxd4 Cf6 5.Cc3 e5 6.Cdb5 d6 7.Fg5 a6 8.Ca3 
b5 9.Fxf6 gxf6 10.Cd5 f5 11.Fd3 Fe6 12.c3 Fg7 13.Cxb5 axb5 14.Fxb5 Fd7 15.
exf5 O-O 16.Dg4 Cb8 17.O-O h5 18.Df3 Dg5 19.a4 Ta7 20.De3 Dxe3 21.fxe3 Fh6
22.e4 Fg5 23.b4 Fxb5 24.axb5 Tb7 25.f6 Rh7 26.Ta5 Cd7 27.Ta6 Cb6 28.Td1 
Cc4 29.Tc6 Ce3 30.Td3 Cxd5 31.Txd5 Ta8 32.Ta6 Tc8 33.Tc6 Ta8 1/2-1/2

[Event "XXI SuperGM"]
[Site "Linares ESP"]
[Date "2004.02.29"]
[Round "10"]
[White "Topalov, Veselin"]
[Black "Shirov, Alexei"]
[Result "1-0"]
[WhiteElo "2735"]
[BlackElo "2736"]
[EventDate "2004.02.19"]

1.e4 e5 2.Cf3 Cc6 3.Fb5 a6 4.Fa4 Cf6 5.O-O Fe7 6.Te1 b5 7.Fb3 d6 8.c3 O-O 
9.h3 Ca5 10.Fc2 c5 11.d4 Dc7 12.d5 Cc4 13.b3 Cb6 14.a4 Fd7 15.a5 Cc8 16.c4
g6 17.Cc3 Ch5 18.Ce2 Te8 19.Ta2 Ff8 20.g4 Cg7 21.Cg3 f6 22.Ch2 Te7 23.h4 
Tf7 24.f4 exf4 25.Fxf4 Dd8 26.Tf1 De7 27.h5 Ce8 28.Fd3 Fg7 29.Rg2 Df8 30.
Dc1 bxc4 31.bxc4 Tb8 32.Taf2 Tb3 33.Tf3 Ce7 34.Fd2 Fc8 35.Dc2 Tb8 36.Rh1 
gxh5 37.Cxh5 Cg6 38.e5 dxe5 39.Fxg6 hxg6 40.Dxg6 e4 41.Th3 Tfb7 42.Cf4 Tb1
43.Dh7+ Rf7 44.Dh5+ Rg8 45.Cg6 1-0

[Event "XXI SuperGM"]
[Site "Linares ESP"]
[Date "2004.03.02"]
[Round "11"]
[White "Radjabov, Teimour"]
[Black "Topalov, Veselin"]
[Result "1/2-1/2"]
[WhiteElo "2656"]
[BlackElo "2735"]
[EventDate "2004.02.19"]

1.d4 Cf6 2.c4 e6 3.Cf3 d5 4.g3 dxc4 5.Fg2 a6 6.O-O b5 7.Ce5 Cd5 8.e4 Cf6 
9.a4 Fb7 10.axb5 axb5 11.Txa8 Fxa8 12.Cc3 c6 13.Ff4 Fe7 14.Da1 Cbd7 15.d5 
Cxe5 16.Fxe5 cxd5 17.exd5 Fxd5 18.Fxf6 Fxf6 19.Fxd5 exd5 20.Te1+ Rf8 21.
Da3+ Fe7 22.Da7 g6 23.Cxb5 d4 1/2-1/2

[Event "XXI SuperGM"]
[Site "Linares ESP"]
[Date "2004.03.03"]
[Round "12"]
[White "Topalov, Veselin"]
[Black "Leko, Peter"]
[Result "1/2-1/2"]
[WhiteElo "2735"]
[BlackElo "2722"]
[EventDate "2004.02.19"]

1.e4 c5 2.Cf3 Cc6 3.Cc3 e5 4.Fc4 d6 5.d3 Fe7 6.O-O Cf6 7.Cg5 O-O 8.f4 Fg4 
9.De1 exf4 10.Fxf4 Cd4 11.Dd2 h6 12.Cf3 Cxf3+ 13.gxf3 Fe6 14.Tae1 Rh7 15.
Rh1 Ch5 16.Fg3 Fh4 17.Tg1 Cxg3+ 18.hxg3 Ff6 19.Rg2 Da5 20.Te2 Fxc3 21.Dxc3
Dxc3 1/2-1/2

[Event "XXI SuperGM"]
[Site "Linares ESP"]
[Date "2004.03.04"]
[Round "13"]
[White "Kasparov, Garry"]
[Black "Topalov, Veselin"]
[Result "1/2-1/2"]
[WhiteElo "2831"]
[BlackElo "2735"]
[EventDate "2004.02.19"]

1.e4 e5 2.Cf3 Cc6 3.Fb5 a6 4.Fa4 Cf6 5.O-O Fe7 6.Te1 b5 7.Fb3 O-O 8.a4 Fb7
9.d3 d6 10.Cbd2 Cd7 11.c3 Cc5 12.axb5 axb5 13.Txa8 Dxa8 14.Fc2 b4 15.d4 
bxc3 16.bxc3 Cd7 17.Cf1 Ff6 18.d5 Ccb8 19.h4 Cc5 20.Cg3 Fc8 21.Cg5 h6 22.
Ch5 Fe7 23.Ch3 Da2 24.Te3 g6 25.Tg3 Cbd7 26.Fxh6 Fxh4 27.Tg4 Fe7 28.Fg5 
Fxg5 29.Cxg5 f5 30.exf5 gxh5 31.Tg3 Cf6 32.Ce6+ Rf7 33.Tg7+ Re8 34.Cxc7+ 
Rd8 35.Ce6+ Re8 36.Cc7+ Rd8 37.Ce6+ Re8 38.Cc7+ 1/2-1/2

[Event "XXI SuperGM"]
[Site "Linares ESP"]
[Date "2004.03.05"]
[Round "14"]
[White "Topalov, Veselin"]
[Black "Kramnik, Vladimir"]
[Result "1/2-1/2"]
[WhiteElo "2735"]
[BlackElo "2777"]
[EventDate "2004.02.19"]

1.e4 c5 2.Cf3 Cc6 3.Cc3 e5 4.Fc4 d6 5.d3 Fe7 6.O-O Cf6 7.Cg5 O-O 8.f4 Fg4 
9.De1 exf4 10.Fxf4 Cd4 11.Dd2 Dd7 12.h3 Fh5 13.g4 h6 14.gxh5 hxg5 15.Fxg5 
Dxh3 16.Dg2 Dxg2+ 17.Rxg2 Cxc2 18.Tac1 Cd4 19.h6 Tae8 20.Fd2 1/2-1/2

[Event "Amber Blindfold"]
[Site "Monaco MNC"]
[Date "2004.03.20"]
[Round "1"]
[White "Van Wely, Loek"]
[Black "Topalov, Veselin"]
[Result "1/2-1/2"]
[WhiteElo "2617"]
[BlackElo "2735"]
[EventDate "2004.03.20"]

1.d4 Cf6 2.c4 e6 3.Cc3 c5 4.d5 exd5 5.cxd5 d6 6.e4 g6 7.f4 Fg7 8.Fb5+ Cfd7
9.Fd3 Dh4+ 10.g3 De7 11.Cf3 O-O 12.O-O Cb6 13.Rg2 Fg4 14.h3 Fxf3+ 15.Dxf3 
C8d7 16.Fe3 c4 17.Fc2 Tac8 18.Tad1 Cc5 19.Fxc5 Txc5 20.e5 f5 21.e6 Cc8 22.
g4 Dh4 23.gxf5 gxf5 24.Rh2 Ce7 25.Tg1 Rh8 26.Ce2 Fh6 27.b4 cxb3 28.Fxb3 
Cg6 29.Dg3 Dxg3+ 30.Rxg3 b5 31.Tc1 Tfc8 32.Txc5 Txc5 33.Rf3 Rg7 34.h4 Rf6 
35.h5 Cxf4 36.Cxf4 Tc3+ 37.Rf2 Fxf4 38.Tg8 Tc7 39.a4 b4 40.a5 Fg5 41.Tb8 
Re5 42.Txb4 Fd2 43.Tb5 a6 44.Tb6 Fxa5 45.Txa6 Fd2 46.Ta8 1/2-1/2